[Event "POHÁR města Říčany 2024"]
[Site "Městské kulturní středisko U labutě"]
[Date "2024.07.04"]
[Round "7.28"]
[White "Hampel, Rudolf"]
[Black "Gernert, Tomas"]
[Result "1-0"]
[WhiteElo "1765"]
[BlackElo "1745"]
[WhiteFideId "323853"]
[BlackFideId "23750219"]
[PlyCount "0"]
[EventDate "2024.06.29"]

1. e4 c5 2. Nc3 Nc6 3. g3 g6 4. Bg2 Bg7 5. f4 e6 6. Nf3 Nge7 7. O-O O-O 8. d3
d5 9. Bd2 c4 10. a3 b5 11. Qe2 b4 12. axb4 Nxb4 13. dxc4 Nxc2 14. Rab1 Ba6
15. b3 dxc4 16. bxc4 Nd4 17. Qe1 Bxc4 18. Rf2 Nxf3+ 19. Rxf3 Qd4+ 20. Kh1 Rfd8
21. Bc1 Rac8 22. Ba3 Rd7 23. Rd1 Qxc3 24. Rxc3 Bxc3 25. Qg1 Rcd8 26. Bf3 Rxd1
27. Bxd1 Bd4 28. Qe1 Bf2 29. Qxf2 Rxd1+ 30. Kg2 Bf1+ 31. Kf3 Rd3+ 32. Kg4 h5+
33. Kh4 Rxa3 34. Qxf1 Ra2 35. h3 Kg7 36. Qc4 Rg2 37. Qd4+ f6 38. Qxa7 Kf7 39. g4
Kf8 40. e5 f5 1-0

[Event "POHÁR města Říčany 2024"]
[Site "Městské kulturní středisko U labutě"]
[Date "2024.07.04"]
[Round "7.29"]
[White "Soukup, Alexandr"]
[Black "Kalvach, Ladislav"]
[Result "0-1"]
[WhiteElo "1527"]
[BlackElo "1873"]
[WhiteFideId "23763469"]
[BlackFideId "317284"]
[PlyCount "0"]
[EventDate "2024.06.29"]

1. b3 d5 2. Bb2 c5 3. e3 e6 4. Nf3 Nf6 5. d4 Nc6 6. c4 cxd4 7. exd4 Bb4+ 8. Bc3
Qa5 9. Bxb4 Qxb4+ 10. Qd2 Ne4 11. Qxb4 Nxb4 12. Na3 O-O 13. Nd2 Nc3 14. Be2 Bd7
15. f4 a5 16. Kf2 a4 17. Bd1 Nbxa2 18. Nab1 Nxd1+ 19. Rxd1 Nb4 20. cxd5 exd5
21. Nc3 Nc2 22. Ra2 Nb4 23. Raa1 a3 24. Na2 Nc2 25. Rac1 Nxd4 26. Rc7 Bc6
27. Nb4 Nb5 28. Re7 Rfe8 29. Rxe8+ Rxe8 30. Re1 Rxe1 31. Kxe1 Nc3 32. Nc2 a2
33. Na1 d4 34. Nc4 Bxg2 35. Kd2 b5 0-1

[Event "POHÁR města Říčany 2024"]
[Site "Městské kulturní středisko U labutě"]
[Date "2024.07.04"]
[Round "7.30"]
[White "Kuhnmund, Ivan"]
[Black "Schwartz, Michael"]
[Result "0-1"]
[WhiteElo "1791"]
[BlackElo "1706"]
[WhiteFideId "393983"]
[BlackFideId "14351048"]
[PlyCount "0"]
[EventDate "2024.06.29"]

1. e4 e5 2. f4 d5 3. exd5 exf4 4. d4 Nf6 5. Bxf4 Nxd5 6. Bg3 Be7 7. Bd3 O-O
8. Nf3 Bg4 9. h4 h5 10. Qd2 Bd6 11. Bxd6 Qxd6 12. O-O Nc6 13. c3 Rae8 14. Na3
Qg3 15. Qf2 Qxf2+ 16. Rxf2 Re3 17. Bc4 Nb6 18. Bb3 Na5 19. Nc2 Re7 20. Ne5 Nxb3
21. axb3 a6 22. Raf1 Be6 23. Ng6 Rfe8 24. Nxe7+ Rxe7 25. c4 c6 26. Re2 Rd7
27. Rd2 Nc8 28. Ne3 Ne7 29. Rfd1 f6 30. d5 cxd5 31. cxd5 Bf7 32. Kf2 Ng6 33. g3
Ne5 34. Nc4 Ng4+ 35. Ke2 b5 36. Ne3 Ne5 37. Ng2 Bg6 38. Nf4 Bf5 39. Ke3 Ng4+
40. Kd4 Ne5 41. Kc5 Bg4 42. Ra1 Ra7 0-1

[Event "POHÁR města Říčany 2024"]
[Site "Městské kulturní středisko U labutě"]
[Date "2024.07.04"]
[Round "7.31"]
[White "Masek, Tomas"]
[Black "Jankovsky, Zbynek"]
[Result "1-0"]
[WhiteElo "1699"]
[BlackElo "1739"]
[WhiteFideId "23755580"]
[BlackFideId "23700521"]
[PlyCount "0"]
[EventDate "2024.06.29"]

1. d4 c5 2. d5 e5 3. dxe6 fxe6 4. Nf3 Nc6 5. c4 Nf6 6. Bg5 Be7 7. e3 O-O 8. Nc3
b6 9. Be2 Bb7 10. O-O a6 11. Qd2 Qc7 12. Bf4 d6 13. Rfd1 Rad8 14. h3 h6 15. Qc2
Ne5 16. Nxe5 dxe5 17. Bg3 Bd6 18. Bd3 Nh5 19. Bh2 Nf6 20. Ne4 Nxe4 21. Bxe4 Bxe4
22. Qxe4 Qf7 23. f3 Qf6 24. Qc6 Qg5 25. Rxd6 Rxd6 26. Qxd6 Rxf3 27. Qxe6+ Kh7
28. Qxe5 Qg6 29. e4 Re3 30. Qf5 Rxe4 31. Qxg6+ Kxg6 32. b3 b5 33. cxb5 axb5
34. Rc1 Re2 35. Rxc5 Rxa2 36. Rxb5 h5 37. Rb7 Kf6 38. b4 Rc2 39. b5 g6 40. b6
Rb2 41. Bc7 Ke6 42. Rb8 Kd7 43. Rg8 Rb1+ 44. Kh2 Kc6 45. Rxg6+ Kb7 46. Rh6 Rb2
47. Rh7 h4 1-0